Aequatoria.

Bibliographic Details
New Title:Annales aequatoria
Format: Journal
Language:French
Dutch
Language Notes:In French and Flemish.
Published: Coquilhatville [Belgian Congo] : Mission Catholique, 1937-1962.
Subjects:
Online Availability: Check for online availability

MARC

Tag First Indicator Second Indicator Subfields
LEADER 00000cas a2200000 a 4500
001 in00002785833
005 20151202172144.0
006 m o d
007 cr bn||||||abp
007 cr bn||||||ada
008 100712d19371962cg qr poo 0 0fre c
010 |a  2012236377 
016 7 |a 009188757  |2 Uk 
022 |l 0304-257X  |y 0304-257X 
029 1 |a NZ1  |b 14245054 
035 |a (OCoLC)ocn647576801 
035 |a (OCoLC)647576801 
040 |a OCLCE  |b eng  |c OCLCE  |d UKMGB  |d EYM  |d HLS  |d HUL  |d OCLCQ  |d TXA  |d UtOrBLW 
041 0 |a fre  |a dut 
042 |a dlr  |a pcc 
043 |a fq-----  |a f-cg--- 
049 |a TXAM 
050 4 |a DT1  |b .A135 Electronic 
245 0 0 |a Aequatoria. 
246 0 3 |a Æquatoria 
264 1 |a Coquilhatville [Belgian Congo] :  |b Mission Catholique,  |c 1937-1962. 
310 |a Four no. a year,  |b 1943-1962 
321 |a Irregular,  |b 1937-1942 
336 |a text  |b txt  |2 rdacontent 
337 |a computer  |b c  |2 rdamedia 
338 |a online resource  |b cr  |2 rdacarrier 
362 1 |a Began with: No 1 (le 26 juin 1937); ceased with: 25e Année, No. 4 (1962). 
506 |3 Use copy  |f Restrictions unspecified  |2 star  |5 MiAaHDL 
515 |a Issues for 1937-38 lack volume numbering but constitute vol. 1. 
533 |a Electronic reproduction.  |b [S.l.] :  |c HathiTrust Digital Library,  |d 2010.  |5 MiAaHDL 
546 |a In French and Flemish. 
555 |a v. 1-25; 1937-62. 1 v. 
583 1 |a digitized  |c 2010  |h HathiTrust Digital Library  |l committed to preserve  |2 pda  |5 MiAaHDL 
588 |a Description based on: No 1 (le 26 juin 1937); title from PDF cover (JSTOR, viewed Mar. 23, 2012). 
588 |a Latest issue consulted: 25e Année, No. 4 (1962) (JSTOR, viewed Mar. 23, 2012). 
500 |a Electronic resource. 
651 0 |a Africa, French-speaking Equatorial  |v Periodicals. 
651 0 |a Congo (Democratic Republic)  |v Periodicals. 
776 0 8 |i Print version:  |t Aequatoria  |x 0304-257X  |w (OCoLC)2444381 
785 0 0 |t Annales aequatoria  |w (DLC) 2012235038  |w (OCoLC)705808044 
948 |a cataloged  |b h  |c 2012/12/20  |d c  |e spoltoratski  |f 8:16:02 am  |g sc 
994 |a C0  |b TXA 
999 |a MARS 
999 f f |s 519ab2ee-368c-3c60-8733-d95cc3c7e302  |i 265762d0-fa9b-39fa-a4aa-457e71ceb40e  |t 0 
952 f f |a Texas A&M University  |b College Station  |c Electronic Resources  |d Available Online  |t 0  |e DT1 .A135  |g Electronic  |h Library of Congress classification 
998 f f |a DT1 .A135  |t 0  |l Available Online